Mazha Nilavu (Record no. 97761)

MARC details
000 -LEADER
fixed length control field 00412nam a2200145Ia 4500
008 - FIXED-LENGTH DATA ELEMENTS--GENERAL INFORMATION
fixed length control field 211118s9999||||xx |||||||||||||| ||und||
082 ## - DEWEY DECIMAL CLASSIFICATION NUMBER
Classification number 894.812 3
Item number SRE-M
100 ## - MAIN ENTRY--PERSONAL NAME
Personal name Sreedharan, Perumbadavam
245 #0 - TITLE STATEMENT
Title Mazha Nilavu
260 ## - PUBLICATION, DISTRIBUTION, ETC.
Name of publisher, distributor, etc. Current Books
Place of publication, distribution, etc. Kottayam
Date of publication, distribution, etc. 2010
300 ## - PHYSICAL DESCRIPTION
Extent 152p.
630 ## - SUBJECT ADDED ENTRY--UNIFORM TITLE
General subdivision Malayalam FictionGeneral Stack
650 ## - SUBJECT ADDED ENTRY--TOPICAL TERM
Topical term or geographic name entry element Malayalam LiteratuireMalayalam Novels
942 ## - ADDED ENTRY ELEMENTS (KOHA)
Koha item type BOOK
650 ## - SUBJECT ADDED ENTRY--TOPICAL TERM
Form subdivision Generalia
Holdings
Withdrawn status Lost status Source of classification or shelving scheme Damaged status Not for loan Home library Current library Date acquired Cost, normal purchase price Full call number Barcode Shelving location Date last seen Price effective from Koha item type
    Dewey Decimal Classification     SB LIBRARY SB LIBRARY 18/11/2021 15.00 894.8123 SRE-M 00103123 GENERAL STACK 18/11/2021 18/11/2021 BOOK

Powered by Koha